Gendered lives Communication, gender & and culture
Includes bibliographical references (p. 307-350) and index
Zapisane w:
| 1. autor: | |
|---|---|
| Format: | Książka |
| Język: | Undetermined |
| Wydane: |
Belmont, CA
Wadsworth/Thompson Learning
2007
|
| Hasła przedmiotowe: | |
| Dostęp online: | http://lrc.tdmu.edu.vn/opac/search/detail.asp?aID=2&ID=7547 |
| Etykiety: |
Dodaj etykietę
Nie ma etykietki, Dołącz pierwszą etykiete!
|
| Thư viện lưu trữ: | Trung tâm Học liệu Trường Đại học Thủ Dầu Một |
|---|
| LEADER | 00725nam a2200217Ia 4500 | ||
|---|---|---|---|
| 001 | TDMU_7547 | ||
| 008 | 210410s9999 xx 000 0 und d | ||
| 082 | |a 305.3 | ||
| 090 | |b W432 | ||
| 100 | |a Wood, Julia T | ||
| 245 | 0 | |a Gendered lives | |
| 245 | 0 | |b Communication, gender & and culture | |
| 245 | 0 | |c Julia T. Wood | |
| 260 | |a Belmont, CA | ||
| 260 | |b Wadsworth/Thompson Learning | ||
| 260 | |c 2007 | ||
| 300 | |a xxiv, 376 p | ||
| 520 | |a Includes bibliographical references (p. 307-350) and index | ||
| 650 | |a Sex role; Communication |x Sex differences; Gender identity | ||
| 856 | |u http://lrc.tdmu.edu.vn/opac/search/detail.asp?aID=2&ID=7547 | ||
| 980 | |a Trung tâm Học liệu Trường Đại học Thủ Dầu Một | ||